| 000 -LEADER | |
|---|---|
| fixed length control field | 00393nam a22001457a 4500 |
| 005 - DATE AND TIME OF LATEST TRANSACTION | |
| control field | 20190910154051.0 |
| 008 - FIXED-LENGTH DATA ELEMENTS--GENERAL INFORMATION | |
| fixed length control field | 190910b xxu||||| |||| 00| 0 eng d |
| 020 ## - INTERNATIONAL STANDARD BOOK NUMBER | |
| ISBN | 81-256-0092-2 |
| 041 ## - LANGUAGE CODE | |
| Language code of text/sound track or separate title | eng |
| 100 ## - MAIN ENTRY--AUTHOR NAME | |
| Personal name | SIDDIQUI, DR. ANEES AHMAD AND SIDDIQUI, SANJEEV KUMAR |
| 245 ## - TITLE STATEMENT | |
| Title | BIOCHEMISTRY AND CLINICAL PATHOLOGY |
| 260 ## - PUBLICATION, DISTRIBUTION, ETC. (IMPRINT) | |
| Place of publication | TARA PUBLISHERS |
| Name of publisher | DELHI |
| 300 ## - PHYSICAL DESCRIPTION | |
| Number of Pages | 154p, |
| 942 ## - ADDED ENTRY ELEMENTS (KOHA) | |
| Koha item type | Books |
No items available.